<?xml version="1.0" encoding="UTF-8"?><?xml-stylesheet type="text/xsl" href="static/style.xsl"?><OAI-PMH xmlns="http://www.openarchives.org/OAI/2.0/" xmlns:xsi="http://www.w3.org/2001/XMLSchema-instance" xsi:schemaLocation="http://www.openarchives.org/OAI/2.0/ http://www.openarchives.org/OAI/2.0/OAI-PMH.xsd"><responseDate>2026-04-13T05:51:09Z</responseDate><request verb="GetRecord" identifier="oai:www.recercat.cat:11351/12221" metadataPrefix="marc">https://recercat.cat/oai/request</request><GetRecord><record><header><identifier>oai:recercat.cat:11351/12221</identifier><datestamp>2025-10-01T01:33:40Z</datestamp><setSpec>com_2072_378071</setSpec><setSpec>com_2072_378040</setSpec><setSpec>col_2072_378097</setSpec></header><metadata><record xmlns="http://www.loc.gov/MARC21/slim" xmlns:dcterms="http://purl.org/dc/terms/" xmlns:xsi="http://www.w3.org/2001/XMLSchema-instance" xmlns:doc="http://www.lyncode.com/xoai" xsi:schemaLocation="http://www.loc.gov/MARC21/slim http://www.loc.gov/standards/marcxml/schema/MARC21slim.xsd">
   <leader>00925njm 22002777a 4500</leader>
   <datafield ind2=" " ind1=" " tag="042">
      <subfield code="a">dc</subfield>
   </datafield>
   <datafield ind2=" " ind1=" " tag="720">
      <subfield code="a">Beneria Gonzalez, Anna</subfield>
      <subfield code="e">author</subfield>
   </datafield>
   <datafield ind2=" " ind1=" " tag="720">
      <subfield code="a">Motger Albertí, Anna</subfield>
      <subfield code="e">author</subfield>
   </datafield>
   <datafield ind2=" " ind1=" " tag="720">
      <subfield code="a">Quesada-Franco, Marta</subfield>
      <subfield code="e">author</subfield>
   </datafield>
   <datafield ind2=" " ind1=" " tag="720">
      <subfield code="a">Santesteban-Echarri, Olga</subfield>
      <subfield code="e">author</subfield>
   </datafield>
   <datafield ind2=" " ind1=" " tag="720">
      <subfield code="a">Arteaga-Henriquez, Gara</subfield>
      <subfield code="e">author</subfield>
   </datafield>
   <datafield ind2=" " ind1=" " tag="720">
      <subfield code="a">Ibáñez-Jiménez, Pol</subfield>
      <subfield code="e">author</subfield>
   </datafield>
   <datafield ind2=" " ind1=" " tag="720">
      <subfield code="a">Parramon Puig, Gemma</subfield>
      <subfield code="e">author</subfield>
   </datafield>
   <datafield ind2=" " ind1=" " tag="720">
      <subfield code="a">Braquehais, María Dolores</subfield>
      <subfield code="e">author</subfield>
   </datafield>
   <datafield ind2=" " ind1=" " tag="720">
      <subfield code="a">Ramos-Quiroga, Josep Antoni</subfield>
      <subfield code="e">author</subfield>
   </datafield>
   <datafield ind2=" " ind1=" " tag="260">
      <subfield code="c">2024-11-14T07:44:48Z</subfield>
   </datafield>
   <datafield ind2=" " ind1=" " tag="260">
      <subfield code="c">2024-11-14T07:44:48Z</subfield>
   </datafield>
   <datafield ind2=" " ind1=" " tag="260">
      <subfield code="c">2024-10-08</subfield>
   </datafield>
   <datafield ind2=" " ind1=" " tag="520">
      <subfield code="a">Psychotherapeutic intervention; Suicide attempt</subfield>
   </datafield>
   <datafield ind2=" " ind1=" " tag="520">
      <subfield code="a">Intervenció psicoterapèutica; Intent de suïcidi</subfield>
   </datafield>
   <datafield ind2=" " ind1=" " tag="520">
      <subfield code="a">Intervención psicoterapéutica; Intento de suicidio</subfield>
   </datafield>
   <datafield ind2=" " ind1=" " tag="520">
      <subfield code="a">Background&#xd;
Suicide has become a first-order public health concern, especially following the negative impact of COVID-19 on the mental health of the general population. Few studies have analysed the effects of early psychotherapeutic interventions on subjects who have attempted suicide, and even fewer have focused on those hospitalized in non-psychiatric units after a Medically Serious Suicide Attempt (MSSA). The main aim of this study is to describe the protocol designed to evaluate the effectiveness of individual psychological treatment for patients hospitalized after an MSSA. The secondary objectives of the study are: (1) to evaluate the impact on quality of life and other psychosocial variables of patients with a recent MSSA who receive early psychological intervention; (2) to analyse the biological, psychological, and clinical impact of early psychotherapeutic treatment on subjects hospitalized after an MSSA.&#xd;
Methods&#xd;
A longitudinal randomised controlled trial will be conducted with patients over 16 years of age admitted to two general hospitals. The case intervention group will enrol for 8-sessions of individual psychotherapy, Suicide Attempts Multi-component Intervention Treatment (SAMIT), combining Dialectical Behaviour Therapy (DBT), Mentalization-Based Therapy (MBT), and Narrative approaches, while the control group will receive a treatment-as-usual intervention (TAU). Longitudinal assessment will be conducted at baseline (before treatment), post-treatment, and 3, 6, and 12 months after. The main outcome variable will be re-attempting suicide during follow-up.&#xd;
Discussion&#xd;
Some psychotherapeutic interventions, usually implemented in outpatient, have proven to be effective in preventing suicidal behaviours. The combination of some of these may be a powerful treatment for preventing future SA in patients hospitalised after an MSSA, which is the most severely suicidal subgroup. Moreover, assessment of the biological, clinical and psychometric impact of this new intervention on patients during the first year after the attempt may help understand some of the multi-level factors associated with the effectiveness of psychotherapeutic interventions in MSSAs. The prevalence of high suicide rates requires the design of effective psychological interventions for their prevention, and also in order to design new pharmacological and psychological treatments.</subfield>
   </datafield>
   <datafield ind2=" " ind1=" " tag="520">
      <subfield code="a">The panel of La Marató de TV3 Foundation, a non-profit association from Catalonia (Spain), which funded the project (202208-30-31 funds), has peer reviewed the study protocol as part of the funding process. Funding bodies will not be involved in any part of the design, conduct, analysis, interpretation, and reporting of this trial.</subfield>
   </datafield>
   <datafield tag="653" ind2=" " ind1=" ">
      <subfield code="a">Conducta suïcida</subfield>
   </datafield>
   <datafield tag="653" ind2=" " ind1=" ">
      <subfield code="a">Psicoteràpia</subfield>
   </datafield>
   <datafield tag="653" ind2=" " ind1=" ">
      <subfield code="a">PSYCHIATRY AND PSYCHOLOGY::Behavior and Behavior Mechanisms::Behavior::Behavioral Symptoms::Self-Injurious Behavior::Suicide::Suicide, Attempted</subfield>
   </datafield>
   <datafield tag="653" ind2=" " ind1=" ">
      <subfield code="a">PSYCHIATRY AND PSYCHOLOGY::Behavioral Disciplines and Activities::Psychotherapy</subfield>
   </datafield>
   <datafield tag="653" ind2=" " ind1=" ">
      <subfield code="a">PSIQUIATRÍA Y PSICOLOGÍA::conducta y mecanismos de la conducta::conducta::síntomas conductuales::conducta autolesiva::suicidio::intento de suicidio</subfield>
   </datafield>
   <datafield tag="653" ind2=" " ind1=" ">
      <subfield code="a">PSIQUIATRÍA Y PSICOLOGÍA::disciplinas y actividades conductuales::psicoterapia</subfield>
   </datafield>
   <datafield ind2="0" ind1="0" tag="245">
      <subfield code="a">A Suicide Attempt Multicomponent Intervention Treatment (SAMIT Program): study protocol for a multicentric randomised controlled trial</subfield>
   </datafield>
</record></metadata></record></GetRecord></OAI-PMH>